000 00614pam a2200229 a 4500
020 _c1969.00
040 _aMedical College Libr
041 _aENG
_hENG
082 _a618.1
_bJEF
100 _aJeffcoate, N..
245 _aJeffcoate`s Principles of Gynecoogy /
_c
_hTextual Documents
250 _a6th /
_b1957.
260 _a :
_bArnold ,
_c2001.
300 _a578 :
_b11 ;
_c .
365 _a1969.00
653 _aObst & Gynac
_aGynaecology
_aMedical Science
700 _aBhatla, Neerja .
907 _a9799
930 _a6416
999 _c6415
_d6415